<?xml version="1.0" encoding="UTF-8"?>
<record
    xmlns:xsi="http://www.w3.org/2001/XMLSchema-instance"
    xsi:schemaLocation="http://www.loc.gov/MARC21/slim http://www.loc.gov/standards/marcxml/schema/MARC21slim.xsd"
    xmlns="http://www.loc.gov/MARC21/slim">

  <leader>01413nam a22002777a 4500</leader>
  <controlfield tag="003">NALT</controlfield>
  <controlfield tag="005">20220225102618.0</controlfield>
  <controlfield tag="008">220210b        th ||||| |||| 00| 0 tha d</controlfield>
  <datafield tag="020" ind1=" " ind2=" ">
    <subfield code="a">9749019369</subfield>
  </datafield>
  <datafield tag="040" ind1=" " ind2=" ">
    <subfield code="a">NALT</subfield>
  </datafield>
  <datafield tag="041" ind1="0" ind2=" ">
    <subfield code="a">&#xE44;&#xE17;&#xE22;</subfield>
  </datafield>
  <datafield tag="050" ind1=" " ind2=" ">
    <subfield code="a">DD 43</subfield>
    <subfield code="b">&#xE17;779 2548</subfield>
  </datafield>
  <datafield tag="245" ind1="1" ind2="0">
    <subfield code="a">&#xE40;&#xE17;&#xE35;&#xE48;&#xE22;&#xE27;&#xE23;&#xE2D;&#xE1A;&#xE42;&#xE25;&#xE01;&#xE0A;&#xE38;&#xE14;&#xE14;&#xE34;&#xE19;&#xE41;&#xE14;&#xE19;&#xE43;&#xE19;&#xE1D;&#xE31;&#xE19; &#xE40;&#xE22;&#xE2D;&#xE23;&#xE21;&#xE19;&#xE35; (&#xE15;&#xE30;&#xE27;&#xE31;&#xE19;&#xE2D;&#xE2D;&#xE01;) /</subfield>
    <subfield code="c">&#xE19;&#xE34;&#xE28;&#xE32;&#xE23;&#xE31;&#xE15;&#xE19;&#xE4C; &#xE2A;&#xE35;&#xE15;&#xE30;&#xE2A;&#xE38;&#xE27;&#xE23;&#xE23;&#xE13;, &#xE1A;&#xE23;&#xE23;&#xE13;&#xE32;&#xE18;&#xE34;&#xE01;&#xE32;&#xE23;.</subfield>
  </datafield>
  <datafield tag="246" ind1=" " ind2="8">
    <subfield code="a">&#xE40;&#xE22;&#xE2D;&#xE23;&#xE21;&#xE19;&#xE35; (&#xE15;&#xE30;&#xE27;&#xE31;&#xE19;&#xE2D;&#xE2D;&#xE01;)</subfield>
  </datafield>
  <datafield tag="250" ind1=" " ind2=" ">
    <subfield code="a">&#xE1E;&#xE34;&#xE21;&#xE1E;&#xE4C;&#xE04;&#xE23;&#xE31;&#xE49;&#xE07;&#xE17;&#xE35;&#xE48; 2</subfield>
  </datafield>
  <datafield tag="260" ind1=" " ind2=" ">
    <subfield code="a">&#xE01;&#xE23;&#xE38;&#xE07;&#xE40;&#xE17;&#xE1E;&#xE2F; : </subfield>
    <subfield code="b">&#xE2D;&#xE17;&#xE34;&#xE15;&#xE15;&#xE32;, </subfield>
    <subfield code="c">2548.</subfield>
  </datafield>
  <datafield tag="300" ind1=" " ind2=" ">
    <subfield code="a">168 &#xE2B;&#xE19;&#xE49;&#xE32; : </subfield>
    <subfield code="b">&#xE23;&#xE39;&#xE1B;&#xE20;&#xE32;&#xE1E;&#xE1B;&#xE23;&#xE30;&#xE01;&#xE2D;&#xE1A; ; </subfield>
    <subfield code="c">20 &#xE0B;&#xE21;.</subfield>
  </datafield>
  <datafield tag="490" ind1=" " ind2=" ">
    <subfield code="a">&#xE40;&#xE17;&#xE35;&#xE48;&#xE22;&#xE27;&#xE23;&#xE2D;&#xE1A;&#xE42;&#xE25;&#xE01;&#xE0A;&#xE38;&#xE14;&#xE14;&#xE34;&#xE19;&#xE41;&#xE14;&#xE19;&#xE43;&#xE19;&#xE1D;&#xE31;&#xE19;</subfield>
  </datafield>
  <datafield tag="651" ind1=" " ind2="4">
    <subfield code="9">43342</subfield>
    <subfield code="a">&#xE40;&#xE22;&#xE2D;&#xE23;&#xE21;&#xE19;&#xE35;</subfield>
  </datafield>
  <datafield tag="651" ind1=" " ind2="4">
    <subfield code="9">56761</subfield>
    <subfield code="a">&#xE40;&#xE22;&#xE2D;&#xE23;&#xE21;&#xE19;&#xE35;&#xE15;&#xE30;&#xE27;&#xE31;&#xE19;&#xE2D;&#xE2D;&#xE01;</subfield>
    <subfield code="x">&#xE20;&#xE39;&#xE21;&#xE34;&#xE1B;&#xE23;&#xE30;&#xE40;&#xE17;&#xE28;&#xE41;&#xE25;&#xE30;&#xE01;&#xE32;&#xE23;&#xE17;&#xE48;&#xE2D;&#xE07;&#xE40;&#xE17;&#xE35;&#xE48;&#xE22;&#xE27;</subfield>
  </datafield>
  <datafield tag="651" ind1=" " ind2="4">
    <subfield code="9">56762</subfield>
    <subfield code="a">&#xE40;&#xE22;&#xE2D;&#xE23;&#xE21;&#xE19;&#xE35;&#xE15;&#xE30;&#xE27;&#xE31;&#xE19;&#xE2D;&#xE2D;&#xE01;</subfield>
    <subfield code="x">&#xE04;&#xE27;&#xE32;&#xE21;&#xE40;&#xE1B;&#xE47;&#xE19;&#xE2D;&#xE22;&#xE39;&#xE48;&#xE41;&#xE25;&#xE30;&#xE1B;&#xE23;&#xE30;&#xE40;&#xE1E;&#xE13;&#xE35;</subfield>
  </datafield>
  <datafield tag="700" ind1="0" ind2=" ">
    <subfield code="9">20847</subfield>
    <subfield code="a">&#xE19;&#xE34;&#xE28;&#xE32;&#xE23;&#xE31;&#xE15;&#xE19;&#xE4C; &#xE2A;&#xE35;&#xE15;&#xE30;&#xE2A;&#xE38;&#xE27;&#xE23;&#xE23;&#xE13;</subfield>
  </datafield>
  <datafield tag="850" ind1=" " ind2=" ">
    <subfield code="a">NALT</subfield>
  </datafield>
  <datafield tag="942" ind1=" " ind2=" ">
    <subfield code="2">lcc</subfield>
    <subfield code="c">GB</subfield>
  </datafield>
  <datafield tag="998" ind1=" " ind2=" ">
    <subfield code="a">&#xE2A;&#xE21;&#xE43;&#xE08;</subfield>
    <subfield code="j">7560</subfield>
    <subfield code="k"> &#xE01;&#xE23;&#xE28;&#xE34;&#xE23;&#xE34;&#xE23;&#xE34;&#xE19;&#xE17;&#xE23;&#xE4C;  &#xE23;&#xE31;&#xE15;&#xE19;&#xE2A;&#xE38;&#xE20;&#xE32;</subfield>
  </datafield>
  <datafield tag="999" ind1=" " ind2=" ">
    <subfield code="c">99490</subfield>
    <subfield code="d">99490</subfield>
  </datafield>
  <datafield tag="952" ind1=" " ind2=" ">
    <subfield code="0">0</subfield>
    <subfield code="1">0</subfield>
    <subfield code="2">lcc</subfield>
    <subfield code="4">0</subfield>
    <subfield code="7">0</subfield>
    <subfield code="8">CSEN</subfield>
    <subfield code="a">NALT</subfield>
    <subfield code="b">NALT</subfield>
    <subfield code="c">GEN</subfield>
    <subfield code="d">2022-02-10</subfield>
    <subfield code="o">DD 43 &#xE17;779 2548</subfield>
    <subfield code="p">0100003289001</subfield>
    <subfield code="r">2022-08-05 00:00:00</subfield>
    <subfield code="w">2022-02-10</subfield>
    <subfield code="y">GB</subfield>
  </datafield>
</record>
